| 000 | 00477nam a2200169Ia 4500 | ||
|---|---|---|---|
| 008 | 230718s9999 xx 000 0 und d | ||
| 041 | _aeng | ||
| 082 |
_a621.37 _bMEH |
||
| 100 | _aMehta V.K. | ||
| 245 |
_aBasic Electrical Engineering _bFor B.E./B.Tech. And Other Engineering Examinations |
||
| 250 | _a5th ed. | ||
| 260 | _bS. Chand & Company Ltd. | ||
| 300 | _a903 | ||
| 365 |
_cRs. _b350.00 |
||
| 700 | _aMehta V.K. & Mehta. R. | ||
| 906 |
_dB:694912-Dec-2008 _cSS _b119 |
||
| 999 |
_c320608 _d320608 |
||